Un programa para el cambio (Registro nro. 2033)
[ vista simple ]
| 000 -CABECERA | |
|---|---|
| Campo de control | 00919nam a2200229 a 4500 |
| 005 - FECHA Y HORA DE LA ULTIMA TRANSACCION | |
| Campo de control | 20160506113640.0 |
| 008 - ELEMENTOS DE LONGITUD FIJA—INFORMACION GENERAL | |
| Campo de control | 140304b1998 nyu|||||r|||| 001 0 spa d |
| 040 ## - FUENTE DE CATALOGACIÓN | |
| Agencia catalogadora original | CO-BoIAVH |
| Agencia transcriptora | CO-BoIAVH |
| 041 0# - IDIOMA | |
| Código de idioma para texto/pista de sonido o título separado | Español |
| 044 ## - PAÍS DE PUBLICACIÓN | |
| País de publicación | Estados Unidos |
| 082 04 - NUMERO DE CLASIFICACION DECIMAL DEWEY | |
| Número de clasificación | 570.76068 |
| Número del ítem | C74p |
| 111 2# - ASIENTO PRINCIPAL--NOMBRE DE REUNION | |
| Nombre de reunión o de jurisdicción como elemento de entrada | Conferencia de las Partes en el Convenio sobre la Diversidad Biológica |
| Lugar de la reunión | Bratislava, Eslovaquia |
| Fecha de la reunión | 4-15 de mayo de 1998 |
| Número de la parte/sección/reunión | 4 |
| 9 (RLIN) | 67740 |
| 245 13 - MENCION DE TITULO | |
| Título | Un programa para el cambio |
| Parte restante del título | decisiones de la cuarta reunión de la Conferencia de las Partes en el Convenio sobre la Diversidad Biológica |
| 260 ## - PUBLICACION, DISTRIBUCION, ETC. (PIE DE IMPRENTA) | |
| Lugar de publicación, distribución, etc. | Nueva York ; |
| -- | Ginebra : |
| Nombre del editor, distribuidor, etc. | Naciones Unidas, |
| Fecha de publicación, distribución, etc. | 1998. |
| 300 ## - DESCRIPCION FISICA | |
| Extensión | 186 páginas ; |
| Dimensiones | 21 x 15 centímetros |
| 650 14 - ASIENTO SECUNDARIO DE MATERIA - TERMINO TEMATICO | |
| Término temático o nombre geográfico como elemento de entrada | Convenio sobre diversidad biológica |
| Subdivisión de forma | Memorias. |
| 9 (RLIN) | 67741 |
| 650 26 - ASIENTO SECUNDARIO DE MATERIA - TERMINO TEMATICO | |
| Término temático o nombre geográfico como elemento de entrada | Especies introducidas |
| 9 (RLIN) | 67742 |
| 650 26 - ASIENTO SECUNDARIO DE MATERIA - TERMINO TEMATICO | |
| Término temático o nombre geográfico como elemento de entrada | Biotecnología |
| 9 (RLIN) | 67743 |
| 650 26 - ASIENTO SECUNDARIO DE MATERIA - TERMINO TEMATICO | |
| Término temático o nombre geográfico como elemento de entrada | Bioseguridad |
| 9 (RLIN) | 67744 |
| 650 26 - ASIENTO SECUNDARIO DE MATERIA - TERMINO TEMATICO | |
| Término temático o nombre geográfico como elemento de entrada | Agrobiodiversidad |
| 9 (RLIN) | 67745 |
| 942 ## - ELEMENTOS ADICIONALES (KOHA) | |
| Tipo de ítem | Libro |
| Sistema de clasificación | Dewey Decimal Classification |
| Withdrawn status | Lost status | Sistema de Clasificación | Damaged status | No para préstamo | Colección | Inventariado | Ubicación Permanente | Ubicación actual | Fecha de adquisición | Fuente de Valor | Valor | Total Checkouts | Número topográfico | Inventario / Código de Barras | Date last seen | Ejemplar | Price effective from | Forma de adquisición | Tipo de material |
|---|---|---|---|---|---|---|---|---|---|---|---|---|---|---|---|---|---|---|---|
| Dewey Decimal Classification | General | Inventariado 2017 | Bogotá | Bogotá | 29/01/2001 | Hernández Salgar, Ana María | 39000.00 | LB-570.76068 C74p | 002522 | 04/12/2012 | Ej. 1 | 04/12/2012 | Donación | Libro |